Satisfaction at work  (notice n° 1614615)

détails MARC
000 -LEADER
fixed length control field 01483cam a2200229 4500500
005 - DATE AND TIME OF LATEST TRANSACTION
control field 20260111062210.0
041 ## - LANGUAGE CODE
Language code of text/sound track or separate title fre
042 ## - AUTHENTICATION CODE
Authentication code dc
100 10 - MAIN ENTRY--PERSONAL NAME
Personal name Iglesias, Katia
Relator term author
245 00 - TITLE STATEMENT
Title Satisfaction at work 
260 ## - PUBLICATION, DISTRIBUTION, ETC.
Date of publication, distribution, etc. 2010.<br/>
500 ## - GENERAL NOTE
General note 91
520 ## - SUMMARY, ETC.
Summary, etc. The rapid growth of e-commerce and international trade has deeply stimulated transport logistics in recent years. This development requires a rigorous operational approach to effectively manage the supply chain, by planning and executing all transport operations accordingly. In this context, electronic documents offer numerous advantages over paper documents, particularly in terms of speed, security, and cost reduction. However, the transition to electronic documents in transport logistics must be accompanied by an imperative of data security and compliance with international standards. This article analyzes the main electronic documents used in international transport logistics, while exploring the legal issues associated with them.
690 ## - LOCAL SUBJECT ADDED ENTRY--TOPICAL TERM (OCLC, RLIN)
Topical term or geographic name as entry element définition
690 ## - LOCAL SUBJECT ADDED ENTRY--TOPICAL TERM (OCLC, RLIN)
Topical term or geographic name as entry element instrument de mesure
690 ## - LOCAL SUBJECT ADDED ENTRY--TOPICAL TERM (OCLC, RLIN)
Topical term or geographic name as entry element modèles àeffets mixtes
690 ## - LOCAL SUBJECT ADDED ENTRY--TOPICAL TERM (OCLC, RLIN)
Topical term or geographic name as entry element Satisfaction au travail
700 10 - ADDED ENTRY--PERSONAL NAME
Personal name Renaud, Olivier
Relator term author
700 10 - ADDED ENTRY--PERSONAL NAME
Personal name Tschan, Franziska
Relator term author
786 0# - DATA SOURCE ENTRY
Note Revue internationale de Psychosociologie | XVI | 40 | 2010-10-24 | p. 245-270 | 1260-1705
856 41 - ELECTRONIC LOCATION AND ACCESS
Uniform Resource Identifier <a href="https://shs.cairn.info/journal-revue-internationale-de-psychosociologie-2010-40-page-245?lang=en&redirect-ssocas=7080">https://shs.cairn.info/journal-revue-internationale-de-psychosociologie-2010-40-page-245?lang=en&redirect-ssocas=7080</a>

Pas d'exemplaire disponible.

PLUDOC

PLUDOC est la plateforme unique et centralisée de gestion des bibliothèques physiques et numériques de Guinée administré par le CEDUST. Elle est la plus grande base de données de ressources documentaires pour les Étudiants, Enseignants chercheurs et Chercheurs de Guinée.

Adresse

627 919 101/664 919 101

25 boulevard du commerce
Kaloum, Conakry, Guinée

Réseaux sociaux

Powered by Netsen Group @ 2025